000 02792cam a22006494i 4500
003 PE-LiUPU
005 20250731170459.0
008 150616s1993 pe r 000 0 spa d
035 _a(Sirsi) a7613
040 _aPE-LiUPU
_bspa
_cPE-LiUPU
_dPE-LiUPU
_erda
049 _aPRUA
082 0 4 _a155.42
_bU15
_221
100 1 _aUculmana Suárez, Charles.,
_eautor.
245 1 0 _aPsicología del desarrollo escolar /
_cCharles Uculmana Suárez.
264 1 _aLima :
_bTalleres Donato Vargas,
_c1993.
300 _a145 páginas :
_bilustraciones ;
_c22 centímetros.
336 _atext
_2rdacontent
337 _aunmediated
_2rdamedia
338 _avolume
_2rdacarrier
490 0 _aColección de temas psicopedagógicos para Maestros y Padres de Familia
505 0 _aEl ser humano está en constante desarrollo -- Factores que influyen en el desarrollo -- Principios y fases del desarrollo -- Los primeros pasos -- El mundo mágico de la palabra -- Adiós infancia -- Decidiendo el futuro -- La familia del alumno -- El alumno y su comunidad -- La aventura escolar.
526 _aSEG68
526 _aSEG70
526 _aSEG69
526 _aSEG67
526 _aSEG43
526 _aP144
526 _aP143
526 _aP131
526 _aP122
526 _aP120
526 _aP117
526 _aP112
526 _aP110
526 _aP106
526 _aP101
526 _aP80
526 _aP59
526 _aP54
526 _aP35
526 _aP33
526 _aP30
650 0 4 _aPsicopedagogia.
_91885
910 _ajck
_bjvq
_cjck
942 _2ddc
_cBOOK
949 _a155.42 U15
_wDEWEY
_c1
_i41201
_lCCODEBUL1
_mBUL
_p00.00
_r0
_sY
_tBOOK
_u19960506
_xEDUCACION
_PP20
_0COMPRA
_o.STAFF. Colección Ciencias de la Salud
949 _a155.42 U15
_wDEWEY
_c2
_i41202
_lCCODEBUL1
_mBUL
_p00.00
_r0
_sY
_tBOOK
_u2015-04-23
_xBIBLIOTECA
_zUNKNOWN
_0COMPRA
_o.STAFF. Colección General
949 _a155.42 U15
_wDEWEY
_c3
_i41203
_lCCODEBUL1
_mBUL
_p00.00
_r0
_sY
_tBOOK
_u2015-04-23
_xBIBLIOTECA
_zUNKNOWN
_0COMPRA
_o.STAFF. Colección General
994 _aC0
_bPEPRU
596 _a1
999 _a155.42 U15
_wDEWEY
_c58876
_i41201
_d58876
_e2018-3-12
_f2021-11-3
_g6
_lCCODEBUL1
_mBUL
_n1
_p15.00
_r0
_sY
_tBOOK
_u2015-6-16
_xSALUD
_zP20
_0COMPRA
_o.STAFF. Colección Ciencias de la Salud
999 _a155.42 U15
_wDEWEY
_c2
_i41202
_d2018-9-10
_e2018-9-4
_f2019-12-10
_g5
_lDISCARD
_mBUL
_n2
_r0
_sY
_tBOOK
_u2015-4-23
_xSALUD
_zUNKNOWN
_0COMPRA
_o.STAFF. Colección General
999 _a155.42 U15
_wDEWEY
_c3
_i41203
_f2019-12-10
_g5
_lDISCARD
_mBUL
_r0
_sY
_tBOOK
_u2015-4-23
_xSALUD
_zUNKNOWN
_0COMPRA
_o.STAFF. Colección General
980 _81
_gALBERTO SANCHEZ Responsable de Automatización